[Event "GER-ch Net blitz qual1"]
[Site "Playchess.com INT"]
[Date "2021.04.24"]
[Round "11"]
[White "Hofmann, Matthias1111"]
[Black "Kemper, Yannik"]
[Result "0-1"]
[WhiteElo "1728"]
[BlackElo "1620"]
[PlyCount "44"]
[EventDate "2021.04.24"]
[EventType "swiss (blitz)"]
[EventRounds "11"]
[EventCountry "GER"]
[SourceTitle "CBM 202 Extra"]
[Source "ChessBase"]
[SourceDate "2021.07.31"]
[SourceVersion "1"]
[SourceVersionDate "2021.07.31"]
[SourceQuality "1"]

1. b4 d5 2. Bb2 Bg4 3. b5 e6 4. Nf3 Bxf3 5. exf3 Nf6 6. Be2 c6 7. a4 Bd6 8. 0-0 0-0 9. d4 Nbd7 10. Nd2 c5 11. dxc5 Nxc5 12. Bd4 b6 13. c3 e5 14. Bxc5 Bxc5 15. Nb3 Bd6 16. Bd3 Qc7 17. Rc1 e4 18. fxe4 dxe4 19. Bb1 Bxh2+ 20. Kh1 Bf4 21. Rc2 Qe5 22. Nd4 Qh5+ 0-1

[Event "GER-ch Net Amateur Gr-B Vor2"]
[Site "Playchess.com INT"]
[Date "2020.04.15"]
[Round "2"]
[White "Friemel, Reinhard"]
[Black "Kemper, Yannik"]
[Result "0-1"]
[WhiteElo "1692"]
[BlackElo "1506"]
[PlyCount "48"]
[EventDate "2020.04.15"]
[EventType "swiss (blitz)"]
[EventRounds "9"]
[EventCountry "GER"]
[SourceTitle "CBM 196 Extra"]
[Source "ChessBase"]
[SourceDate "2020.07.31"]
[SourceVersion "1"]
[SourceVersionDate "2020.07.31"]
[SourceQuality "1"]

1. e4 c5 2. c4 e6 3. Nc3 Nc6 4. g3 g6 5. Bg2 Bg7 6. Nge2 Nge7 7. d3 0-0 8. a3 a6 9. Rb1 Rb8 10. b4 cxb4 11. axb4 b5 12. c5 d5 13. exd5 Nxd5 14. Nxd5 exd5 15. d4 Bf5 16. Rb2 Re8 17. 0-0 Bg4 18. f3 Bf5 19. g4 Bd7 20. Rb1 Qe7 21. Re1 Nxd4 22. Kf1 Nxe2 23. Rxe2 Qxe2+ 24. Qxe2 Rxe2 0-1

[Event "GER-ch Net Amateur Gr-B Vor1"]
[Site "Playchess.com INT"]
[Date "2020.04.14"]
[Round "1"]
[White "Hendrich, Daniel"]
[Black "Kemper, Yannik"]
[Result "1-0"]
[WhiteElo "1690"]
[BlackElo "1573"]
[PlyCount "87"]
[EventDate "2020.04.14"]
[EventType "swiss (blitz)"]
[EventRounds "9"]
[EventCountry "GER"]
[SourceTitle "EXT 2021"]
[Source "ChessBase"]
[SourceDate "2020.10.23"]
[SourceVersion "1"]
[SourceVersionDate "2020.10.23"]
[SourceQuality "1"]

1. e4 c5 2. Nf3 d6 3. d4 cxd4 4. Nxd4 Nf6 5. Nc3 a6 6. f3 e5 7. Nb3 Be6 8. Be3 Be7 9. Be2 0-0 10. 0-0 Nbd7 11. Rc1 b5 12. a3 Nb6 13. Kh1 Nc4 14. Bxc4 Bxc4 15. Re1 Rc8 16. Nd2 Be6 17. Nb3 d5 18. exd5 Nxd5 19. Nxd5 Qxd5 20. Qxd5 Bxd5 21. Red1 Be6 22. Nd2 Rfd8 23. Ne4 Rxd1+ 24. Rxd1 Rxc2 25. Rc1 Rxb2 26. Rc7 Bxa3 27. h3 h6 28. Ra7 Bc4 29. Rxa6 b4 30. Rb6 Rb1+ 31. Kh2 b3 32. Nd2 Be6 33. Nxb1 Be7 34. g4 Bf6 35. Kg3 e4 36. fxe4 b2 37. Rxe6 fxe6 38. Kf4 g5+ 39. Kf3 Be5 40. Ke2 Kf7 41. Kd3 Ke7 42. Bd4 Bg3 43. Bxb2 Kd6 44. Bg7 1-0

[Event "Heusenstamm Sparkassen op-A 6th"]
[Site "Heusenstamm"]
[Date "2019.11.22"]
[Round "3"]
[White "Kemper, Yannik"]
[Black "Niedenthal, Robert"]
[Result "1/2-1/2"]
[WhiteElo "1808"]
[BlackElo "1686"]
[PlyCount "101"]
[EventDate "2019.11.21"]
[EventType "swiss"]
[EventRounds "7"]
[EventCountry "GER"]
[SourceTitle "CBM 194 Extra"]
[Source "ChessBase"]
[SourceDate "2020.03.31"]
[SourceVersion "1"]
[SourceVersionDate "2020.03.31"]
[SourceQuality "1"]

1. e4 d5 2. exd5 Nf6 3. d4 Bg4 4. f3 Bf5 5. Bb5+ Bd7 6. Bxd7+ Qxd7 7. c4 c6 8. dxc6 Nxc6 9. Ne2 0-0-0 10. Be3 e5 11. d5 Bb4+ 12. Nbc3 Qe7 13. 0-0 Bc5 14. Qc1 Nd4 15. Kh1 a6 16. Ng3 g6 17. Re1 Nd7 18. b4 Ba7 19. c5 Qf8 20. Bxd4 exd4 21. Nce2 Qg7 22. Qd2 Nf6 23. d6 Nd5 24. Qxd4 Qxd4 25. Nxd4 Nxb4 26. Re7 Bxc5 27. Rc7+ Kb8 28. Rxc5 Rxd6 29. Nb3 Rhd8 30. h3 Nd3 31. Rc3 f5 32. Rb1 h5 33. Nc5 Nxc5 34. Rxc5 Rd2 35. a4 Ra2 36. a5 Rdd2 37. Rg1 h4 38. Nf1 Re2 39. Nh2 Ka7 40. f4 Re4 41. Nf3 Rxf4 42. Rd1 Re4 43. Rd2 Ra1+ 44. Kh2 Rb4 45. Rcd5 Rbb1 46. Nxh4 f4 47. g4 Rh1+ 48. Kg2 Rag1+ 49. Kf2 Rf1+ 50. Kg2 Rhg1+ 51. Kh2 1/2-1/2

[Event "Rheinland Pfalz op 11th"]
[Site "Weilerbach"]
[Date "2019.06.23"]
[Round "7"]
[White "Kemper, Yannik"]
[Black "Van Leyen, Peter"]
[Result "1-0"]
[WhiteElo "1856"]
[BlackElo "1622"]
[PlyCount "91"]
[EventDate "2019.06.20"]
[EventType "swiss"]
[EventRounds "7"]
[EventCountry "GER"]
[SourceTitle "CBM 191 Extra"]
[Source "ChessBase"]
[SourceDate "2019.09.30"]
[SourceVersion "1"]
[SourceVersionDate "2019.09.30"]
[SourceQuality "1"]

1. e4 d6 2. d4 Nf6 3. Nc3 g6 4. f4 Bg7 5. Nf3 0-0 6. Bd3 c6 7. 0-0 b5 8. e5 dxe5 9. fxe5 Ne8 10. a4 b4 11. Ne2 Ba6 12. h4 Nc7 13. Ng3 Ne6 14. c3 Bxd3 15. Qxd3 bxc3 16. bxc3 Qc7 17. h5 Nd7 18. hxg6 fxg6 19. Qc4 Nxe5 20. Qxe6+ Nf7 21. Ne4 Rad8 22. Nfg5 Bf6 23. Nxf6+ exf6 24. Rxf6 Rd6 25. Rxf7 Qxf7 26. Qxf7+ Rxf7 27. Nxf7 Kxf7 28. Bg5 Ke6 29. Re1+ Kd5 30. Be7 Rd7 31. Bb4 Kc4 32. Re5 Rd5 33. Rxd5 cxd5 34. Kf2 Kd3 35. Kf3 h5 36. g4 h4 37. g5 h3 38. Kg3 Ke4 39. Kxh3 Kf4 40. Be7 a6 41. Kh4 Kf3 42. Bd6 Ke4 43. Kg4 Kd3 44. Kf4 Kxc3 45. Ke5 Kc4 46. a5 1-0

[Event "Rheinland Pfalz op 11th"]
[Site "Weilerbach"]
[Date "2019.06.20"]
[Round "2"]
[White "Roelle, Philipp"]
[Black "Kemper, Yannik"]
[Result "1/2-1/2"]
[WhiteElo "2052"]
[BlackElo "1856"]
[PlyCount "96"]
[EventDate "2019.06.20"]
[EventType "swiss"]
[EventRounds "7"]
[EventCountry "GER"]
[SourceTitle "CBM 191 Extra"]
[Source "ChessBase"]
[SourceDate "2019.09.30"]
[SourceVersion "1"]
[SourceVersionDate "2019.09.30"]
[SourceQuality "1"]

1. d4 Nf6 2. Nc3 d5 3. Bf4 g6 4. e3 Bg7 5. Be2 0-0 6. g4 c6 7. g5 Nfd7 8. Nf3 Re8 9. Qd2 b5 10. h4 b4 11. Nd1 a5 12. a3 bxa3 13. Rxa3 e5 14. Nxe5 Nxe5 15. Bxe5 Bxe5 16. dxe5 Rxe5 17. f4 Re7 18. h5 Bf5 19. Nf2 Qb6 20. c4 Na6 21. Qxa5 Qxa5+ 22. Rxa5 Rxe3 23. Nd1 Ree8 24. hxg6 hxg6 25. cxd5 cxd5 26. Kd2 Rac8 27. Ne3 Nc5 28. Rxc5 Rxc5 29. Nxf5 gxf5 30. Bd3 Rb8 31. Rb1 d4 32. b4 Rd5 33. Bc4 Rd6 34. b5 Kg7 35. Ra1 Rc8 36. Bd3 Kg6 37. Rh1 Rd5 38. Rh6+ Kg7 39. Rf6 Rb8 40. Bc4 Rbxb5 41. Bxb5 Rxb5 42. Rd6 Rb8 43. Kd3 Re8 44. Rxd4 Re6 45. Rd8 Re4 46. Rd4 Re6 47. Rd8 Re4 48. Rd4 Re6 1/2-1/2

[Event "GER-ch U25-A"]
[Site "Willingen"]
[Date "2019.06.13"]
[Round "7"]
[White "Hagenbeck Huebert, Lara"]
[Black "Kemper, Yannik"]
[Result "1-0"]
[WhiteElo "1861"]
[BlackElo "1856"]
[PlyCount "83"]
[EventDate "2019.06.08"]
[EventType "swiss"]
[EventRounds "9"]
[EventCountry "GER"]
[SourceTitle "CBM 191 Extra"]
[Source "ChessBase"]
[SourceDate "2019.09.30"]
[SourceVersion "1"]
[SourceVersionDate "2019.09.30"]
[SourceQuality "1"]

1. d4 Nf6 2. Bf4 g6 3. Nf3 Bg7 4. e3 d6 5. Be2 0-0 6. 0-0 Nbd7 7. c4 c5 8. Nc3 b6 9. d5 Bb7 10. h3 a6 11. a4 Re8 12. Qc2 Qc7 13. Rad1 Nh5 14. Bh2 h6 15. Rfe1 e5 16. dxe6 Rxe6 17. Nd5 Bxd5 18. Rxd5 Nhf6 19. Rd2 Ne4 20. Rdd1 Ndf6 21. Nd2 Qe7 22. Bf3 Rd8 23. Nxe4 Nxe4 24. Bxe4 Rxe4 25. Bxd6 Rxd6 26. Rxd6 Qxd6 27. Qxe4 Qd2 28. Rf1 a5 29. b3 Bc3 30. Qe8+ Kg7 31. Qb8 Qc2 32. Qxb6 Bb4 33. Qb5 Qxb3 34. e4 Qd3 35. e5 Qe2 36. Qe8 Qxc4 37. Rd1 Qc2 38. Qd8 Qf5 39. Qe7 Qc2 40. Qf6+ Kh7 41. Qxf7+ Kh8 42. Rd8# 1-0

[Event "GER-ch U25-A"]
[Site "Willingen"]
[Date "2019.06.09"]
[Round "2"]
[White "Klugstedt, Vincent C"]
[Black "Kemper, Yannik"]
[Result "1/2-1/2"]
[WhiteElo "1827"]
[BlackElo "1856"]
[PlyCount "67"]
[EventDate "2019.06.08"]
[EventType "swiss"]
[EventRounds "9"]
[EventCountry "GER"]
[SourceTitle "CBM 191 Extra"]
[Source "ChessBase"]
[SourceDate "2019.09.30"]
[SourceVersion "1"]
[SourceVersionDate "2019.09.30"]
[SourceQuality "1"]

1. d4 Nf6 2. c4 g6 3. Nc3 Bg7 4. e4 d6 5. f3 0-0 6. Be3 c5 7. dxc5 dxc5 8. Qxd8 Rxd8 9. Bxc5 Nc6 10. a3 Nd7 11. Be3 Nde5 12. Be2 Nd3+ 13. Bxd3 Bxc3+ 14. Ke2 Bxb2 15. Ra2 Bd4 16. f4 e5 17. g3 Bg4+ 18. Kf2 exf4 19. gxf4 Bf6 20. Be2 Bh4+ 21. Kg2 Bxe2 22. Nxe2 Rd3 23. Kf3 Rad8 24. Rb1 b6 25. Rb5 Nd4+ 26. Nxd4 R8xd4 27. Rd5 Rxd5 28. cxd5 Be7 29. Ke2 Rxa3 30. Rxa3 Bxa3 31. Kd3 Kf8 32. Kc4 Ke7 33. Kb5 Kd6 34. Bd4 1/2-1/2

[Event "Erfurt op 28th"]
[Site "Erfurt"]
[Date "2018.12.27"]
[Round "3"]
[White "Hartge, Gedeon"]
[Black "Kemper, Yannik"]
[Result "1/2-1/2"]
[WhiteElo "2198"]
[BlackElo "1877"]
[PlyCount "71"]
[EventDate "2018.12.26"]
[EventType "swiss"]
[EventRounds "8"]
[EventCountry "GER"]
[SourceTitle "CBM 188 Extra"]
[Source "ChessBase"]
[SourceDate "2019.02.26"]
[SourceVersion "1"]
[SourceVersionDate "2019.02.26"]
[SourceQuality "1"]

1. d4 Nf6 2. c4 g6 3. f3 Bg7 4. e4 d6 5. Nc3 0-0 6. Nge2 c5 7. d5 e6 8. Ng3 exd5 9. cxd5 a6 10. a4 Ne8 11. Be2 h5 12. Be3 Nd7 13. 0-0 h4 14. Nh1 Nc7 15. Nf2 Rb8 16. Qd2 b5 17. Bg5 Bf6 18. Bxf6 Qxf6 19. axb5 axb5 20. Ra7 Qd8 21. f4 b4 22. Ncd1 Nb5 23. Bxb5 Rxb5 24. Ne3 Ra5 25. Rxa5 Qxa5 26. Nc4 Qc7 27. Ra1 f6 28. Ng4 Nb6 29. Nge3 Nxc4 30. Nxc4 Re8 31. Qc2 Qe7 32. b3 h3 33. Ra8 hxg2 34. Qxg2 Kg7 35. Kf2 Rh8 36. f5 1/2-1/2

[Event "Heusenstamm Sparkassen op-A 5th"]
[Site "Heusenstamm"]
[Date "2018.11.25"]
[Round "6"]
[White "Kemper, Yannik"]
[Black "Schloessner, Henrik"]
[Result "0-1"]
[WhiteElo "1890"]
[BlackElo "2088"]
[PlyCount "62"]
[EventDate "2018.11.22"]
[EventType "swiss"]
[EventRounds "7"]
[EventCountry "GER"]
[SourceTitle "CBM 188 Extra"]
[Source "ChessBase"]
[SourceDate "2019.02.26"]
[SourceVersion "1"]
[SourceVersionDate "2019.02.26"]
[SourceQuality "1"]

1. e4 c6 2. d4 d5 3. Nc3 dxe4 4. Nxe4 Nd7 5. Bd3 Ngf6 6. Ng5 Qc7 7. N1f3 h6 8. Ne6 fxe6 9. Bg6+ Kd8 10. 0-0 b5 11. Re1 Qd6 12. Ne5 Nxe5 13. dxe5 Qxd1 14. Rxd1+ Nd5 15. b3 Ba6 16. a4 b4 17. h4 Kc7 18. h5 Be2 19. Re1 Bg4 20. Bd2 a5 21. Rac1 Bf5 22. Bf7 g5 23. hxg6 Bg7 24. g3 h5 25. Bg5 Rad8 26. Kg2 Rd7 27. f4 Nc3 28. Kf3 Rhd8 29. Bh4 Rd2 30. Bxe7 Bg4+ 31. Ke3 R8d4 0-1

[Event "Heusenstamm Sparkassen op-A 5th"]
[Site "Heusenstamm"]
[Date "2018.11.24"]
[Round "5"]
[White "Vlassis, Georgios"]
[Black "Kemper, Yannik"]
[Result "1-0"]
[WhiteElo "2053"]
[BlackElo "1890"]
[PlyCount "49"]
[EventDate "2018.11.22"]
[EventType "swiss"]
[EventRounds "7"]
[EventCountry "GER"]
[SourceTitle "CBM 188 Extra"]
[Source "ChessBase"]
[SourceDate "2019.02.26"]
[SourceVersion "1"]
[SourceVersionDate "2019.02.26"]
[SourceQuality "1"]

1. Nf3 Nf6 2. d4 g6 3. Bg5 Bg7 4. Nbd2 0-0 5. c3 d6 6. e4 Nbd7 7. Be2 b6 8. 0-0 Bb7 9. Qc2 c5 10. d5 h6 11. Bh4 Nh5 12. a4 a6 13. Ne1 Nf4 14. Bd1 g5 15. Bg3 Ng6 16. Nc4 Nde5 17. Ne3 c4 18. Nf5 b5 19. Nxg7 Kxg7 20. Nf3 Nd3 21. Nd4 Qd7 22. h4 Nxh4 23. Bxh4 gxh4 24. Nf5+ Kh7 25. Qd2 1-0

[Event "Heusenstamm Sparkassen op-A 5th"]
[Site "Heusenstamm"]
[Date "2018.11.23"]
[Round "2"]
[White "Worzelberger, Armin"]
[Black "Kemper, Yannik"]
[Result "0-1"]
[WhiteElo "1744"]
[BlackElo "1890"]
[PlyCount "78"]
[EventDate "2018.11.22"]
[EventType "swiss"]
[EventRounds "7"]
[EventCountry "GER"]
[SourceTitle "CBM 188 Extra"]
[Source "ChessBase"]
[SourceDate "2019.02.26"]
[SourceVersion "1"]
[SourceVersionDate "2019.02.26"]
[SourceQuality "1"]

1. Nf3 Nf6 2. d4 g6 3. h4 Bg7 4. c4 d6 5. Nc3 0-0 6. Ng5 e5 7. d5 Nbd7 8. Qc2 h5 9. f3 a5 10. g4 Nc5 11. Be3 hxg4 12. h5 Bf5 13. Nce4 gxf3 14. exf3 Nxh5 15. Rxh5 gxh5 16. Bh3 Bg6 17. 0-0-0 Qe7 18. Qg2 Nxe4 19. fxe4 Bh6 20. Kd2 Bxg5 21. Bxg5 Qe8 22. Bf6 Kh7 23. Bf5 Rg8 24. Rh1 Rg7 25. Rxh5+ Kg8 26. Qg5 Qf8 27. Qxg6 fxg6 28. Be6+ Qf7 29. Rg5 Qxe6 30. dxe6 Re8 31. c5 Rxe6 32. Bxg7 Kxg7 33. Kd3 dxc5 34. Kc4 Kf6 35. Rg3 Rd6 36. Kxc5 g5 37. Rf3+ Kg6 38. Rf5 b6+ 39. Kb5 Re6 0-1

[Event "Heusenstamm Sparkassen op-A 5th"]
[Site "Heusenstamm"]
[Date "2018.11.22"]
[Round "1"]
[White "Kemper, Yannik"]
[Black "Koellner, Ruben Gideon"]
[Result "0-1"]
[WhiteElo "1890"]
[BlackElo "2238"]
[PlyCount "56"]
[EventDate "2018.11.22"]
[EventType "swiss"]
[EventRounds "7"]
[EventCountry "GER"]
[SourceTitle "CBM 188 Extra"]
[Source "ChessBase"]
[SourceDate "2019.02.26"]
[SourceVersion "1"]
[SourceVersionDate "2019.02.26"]
[SourceQuality "1"]

1. e4 d6 2. d4 Nf6 3. Nc3 e5 4. Nf3 Nbd7 5. g4 d5 6. dxe5 Nxe4 7. Nxd5 Nb6 8. Ne3 Qxd1+ 9. Nxd1 Bxg4 10. Bg2 0-0-0 11. Be3 Bxf3 12. Bxf3 Nc5 13. Nc3 Nc4 14. Bf4 Ne6 15. Bg3 Bb4 16. 0-0 Bxc3 17. bxc3 Nd2 18. Bg2 Nxf1 19. Kxf1 g5 20. Rb1 c6 21. h4 h6 22. Be4 Rhe8 23. hxg5 hxg5 24. f3 Rh8 25. Kf2 Rd2+ 26. Ke3 Rg2 27. Bf2 Rhh2 28. Bg1 Rh1 0-1

[Event "Rheinland Pfalz op 7th"]
[Site "Frankenthal"]
[Date "2015.06.07"]
[Round "7"]
[White "Kemper, Yannik"]
[Black "Siedler, Marc"]
[Result "1-0"]
[WhiteElo "1716"]
[BlackElo "1236"]
[PlyCount "103"]
[EventDate "2015.06.04"]
[EventType "swiss"]
[EventRounds "7"]
[EventCountry "GER"]
[SourceTitle "EXT 2017"]
[Source "ChessBase"]
[SourceDate "2016.10.25"]
[SourceVersion "1"]
[SourceVersionDate "2016.10.25"]
[SourceQuality "1"]

1. e4 c5 2. Nf3 d6 3. d4 cxd4 4. Nxd4 Nf6 5. f3 a6 6. c4 e5 7. Nc2 Be7 8. Nc3 0-0 9. Be3 Be6 10. Be2 Qc7 11. b3 b5 12. Nd5 Nxd5 13. cxd5 Bc8 14. 0-0 Nd7 15. Qd2 Nc5 16. Rac1 Qb7 17. Rfd1 f5 18. Bxc5 dxc5 19. d6 Rd8 20. dxe7 Re8 21. Qd8 Qxe7 22. Qxe7 Rxe7 23. Rd8+ Kf7 24. exf5 Rd7 25. Rxd7+ Bxd7 26. g4 Bc6 27. Ne3 Rd8 28. Rxc5 Rd2 29. Rc2 Rxc2 30. Nxc2 a5 31. a3 Kf6 32. b4 a4 33. Kf2 Kg5 34. Kg3 Kf6 35. Bd3 Bd7 36. Ne3 Bc6 37. Be4 Bxe4 38. fxe4 Ke7 39. g5 Ke8 40. Ng4 Ke7 41. Nxe5 Kd6 42. Kf4 Ke7 43. h4 Kd6 44. f6 gxf6 45. gxf6 Ke6 46. Ng4 h5 47. e5 Kf7 48. Nh6+ Kg6 49. Nf5 Kf7 50. Nd6+ Ke6 51. Nxb5 Kd7 52. Nc3 1-0

[Event "Rheinland Pfalz op 7th"]
[Site "Frankenthal"]
[Date "2015.06.06"]
[Round "3"]
[White "Kemper, Yannik"]
[Black "Grosse Hering, Peter"]
[Result "0-1"]
[WhiteElo "1716"]
[BlackElo "1969"]
[PlyCount "50"]
[EventDate "2015.06.04"]
[EventType "swiss"]
[EventRounds "7"]
[EventCountry "GER"]
[SourceTitle "EXT 2017"]
[Source "ChessBase"]
[SourceDate "2016.10.25"]
[SourceVersion "1"]
[SourceVersionDate "2016.10.25"]
[SourceQuality "1"]

1. d4 d6 2. e4 Nf6 3. Nc3 g6 4. Nf3 Bg7 5. h3 c6 6. Be3 0-0 7. Be2 Nbd7 8. 0-0 e5 9. d5 Qe7 10. b4 cxd5 11. Nxd5 Nxd5 12. Qxd5 Nf6 13. Qd3 b6 14. Nd2 Bb7 15. c4 Rad8 16. Qc2 Rc8 17. Qd3 Ne8 18. Bg4 f5 19. exf5 e4 20. f6 Nxf6 21. Nxe4 Bxe4 22. Qd2 Nxg4 23. Rae1 Nxe3 24. Rxe3 Rxc4 25. f3 Bd4 0-1